000 01202cam a22003497a 4500
003 CHAP
005 20220329142423.0
008 010111d1998 eua r 00110 ing d
010 _a83210
011 _a84182
020 _a0412152517
035 _a94701
040 _cCHAP
082 0 4 _a631.523
_bZ5
100 0 0 _aZilinskas, Raymond A.
_bed.
_9124021
245 1 0 _aGenetically engineered marine organisms :
_benvironmental and economic risks and benefits
_c/ed. by Raymond A. Zilinskas and Peter J. Balint.
260 _aNorwell, Massachusetts :
_bKluwer Academic Publishers,
_c1998.
300 _a231p. :
_bcuadros.
590 _aBATCH-UPD
_b10
_c20130110
_lUCH01
_h0731
590 _aBATCH-UPD
_b10
_c20130110
_lUCH01
_h2351
590 _aBATCH-UPD
_b10
_c20130410
_lUCH01
_h0414
590 _aBATCH-UPD
_b10
_c20130914
_lUCH01
_h1248
590 _aCONVERSION
_b10
_c20130109
_lUCH01
_h1346
650 1 4 _aEcología marina.
_935183
650 1 4 _aEcosistema.
_935290
650 1 4 _aIngeniería genética.
_958228
700 0 _aBilint, Peter J.
_912682
901 _aBK
905 _aEdna Luz
942 _cLIBRO
949 _a631.523 Z5
_bBC
_cLIBRO
_d33724000808531
_eLIBRO
_h99262
_i94701
_sex
_t$1,056.00
999 _c83210
_d83210